Maths.... with Roman Numerals - #2 - Statistics

General Stats
  • This quiz has been taken 28 times
  • The average score is 12 of 20
Answer Stats
Hint Answer Explanation % Correct
Addition ⅠⅠⅠ + Ⅴ ⅤⅠⅠⅠ 3 + 5 = 8
100%
Addition ⅩⅩⅠⅠ + ⅩⅩⅩⅠ ⅬⅠⅠⅠ 22 + 31 = 53
96%
Addition ⅩⅬⅤ + ⅬⅩⅠⅠ ⅭⅤⅠⅠ 45 + 62 = 107
91%
Addition ⅭⅭⅬⅩⅠ + ⅭⅭⅭⅬ ⅮⅭⅩⅠ 261 + 350 = 611
78%
Multiplication Ⅴ × ⅠⅠⅠ ⅩⅤ 3 × 5 = 15
78%
Subtraction ⅠⅩ - ⅤⅠⅠ ⅠⅠ 9 - 7 = 2
74%
Multiplication ⅠⅤ × ⅠⅩ ⅩⅩⅩⅤⅠ 4 × 9 = 36
74%
Division Ⅹ ÷ ⅠⅠ 10 ÷ 2 = 5
70%
Subtraction ⅩⅩⅤⅠⅠⅠ - ⅩⅠⅤ ⅩⅠⅤ 28 - 14 = 14
65%
Multiplication ⅩⅩⅠⅠⅠ × ⅩⅠ ⅭⅭⅬⅠⅠⅠ 23 × 11 = 253
65%
Division ⅬⅩⅠⅩ ÷ ⅩⅩⅠⅠⅠ ⅠⅠⅠ 69 ÷ 23 = 3
65%
Subtraction ⅭⅬⅩⅩⅠⅠ - ⅭⅩⅩⅩⅠ ⅩⅬⅠ 172 - 131 = 41
57%
Multiplication ⅭⅠ × ⅩⅩ ⅯⅯⅩⅩ 101 × 20 = 2020
57%
Division ⅭⅭⅩⅬⅤⅠ ÷ ⅩⅬⅠ ⅤⅠ 246 ÷ 41 = 6
52%
Subtraction ⅮⅭⅭⅭⅬⅩⅩⅠ - ⅭⅮⅩⅭⅠⅩ ⅭⅭⅭⅬⅩⅩⅠⅠ 871 - 499 = 372
43%
Division ⅮⅭⅠⅩ ÷ ⅩⅩⅠⅩ ⅩⅩⅠ 609 ÷ 29 = 21
35%
Multiplication ⅭⅭⅭⅩⅠⅠ × ⅩⅩⅩⅠ I̅X̅ⅮⅭⅬⅩⅩⅠⅠ 312 × 31 = 9672
35%
Subtraction V̅I̅I̅I̅ⅤⅠⅠⅠ - V̅Ⅴ ⅯⅯⅯⅠⅠⅠ 8008 - 5005 = 3003
26%
Addition ⅯⅭⅭⅩⅩⅩⅠⅤ + I̅V̅ⅭⅭⅭⅩⅩI V̅ⅮⅬⅤ 1234 + 4321 = 5555
26%
Division I̅V̅ⅭⅯⅩⅬⅠⅩ ÷ ⅩⅬⅠⅩ ⅭⅠ 4949 ÷ 49 = 101
17%
No matching quizzes found
Score Distribution
Percent of People with Each Score
Percentile by Number Answered
Your Score History
You have not taken this quiz